Diplomatic Missions of Benin - Statistics

General Stats
  • This quiz has been taken 38 times
  • The average score is 17 of 26
Answer Stats
Mission Answer % Correct
United States
100%
Nigeria
96%
China
91%
France
91%
Embassy Washington D.C.
91%
Japan
87%
Embassy Paris
87%
Embassy Beijing
83%
Consulate-General Lagos
83%
Permanent Mission New York City
83%
Embassy Abuja
78%
Embassy Tokyo
78%
Russia
74%
Embassy Moscow
65%
Morocco
61%
Saudi Arabia
57%
Embassy Ankara
52%
Embassy Rabat
52%
Embassy Riyadh
52%
Turkey
52%
Qatar
39%
Embassy Doha
35%
Kuwait
26%
Embassy Kuwait City
26%
Cuba
13%
Embassy Havana
9%
No matching quizzes found
Score Distribution
Percent of People with Each Score
Percentile by Number Answered
Your Score History
You have not taken this quiz